| 000 | 00505nam a2200193Ia 4500 | ||
|---|---|---|---|
| 003 | IN-BaIIA | ||
| 008 | 211028s9999 xx 000 0 eng d | ||
| 040 | _cIIA Library | ||
| 080 |
_a03:529 _bGOU |
||
| 100 |
_aGoudsmit, Samuel A _914160 |
||
| 245 | 0 |
_aTIME _cSamuel A Goudsmit and Robert Claiborne |
|
| 260 |
_aHong Kong _bTime-Life Books _c1980 |
||
| 300 | _a200p. | ||
| 650 |
_aGeneral _99574 |
||
| 650 | _aNASA Thesaurus | ||
| 650 |
_aTime _92741 |
||
| 700 |
_aClaiborne, Robert _914161 |
||
| 942 | _cBK | ||
| 999 |
_c8448 _d8448 |
||